000 00643nam a2200181 i 4500
001 22720
003 ES-MaACL
005 20230906152739.0
007 t|
008 021204s1957 sp ||||1| spa d
100 1 _aAlonso Olea, Manuel.
_920374
245 1 3 _aLa seguridad social de los funcionarios públicos en España y en el extranjero /
_cManuel Alonso Olea, E. Serrano Guirado.
260 _aMadrid :
_bInstituto de Estudios Políticos,
_c1957 (
_fGonzález)
300 _a396 p. ;
_c21 cm.
700 1 _aSerrano Guirado, E.
_9105763
710 2 _aInstituto de Estudios Políticos (Madrid)
_94924
852 _aES-MaACL
_jC-15657
_bR.43806
999 _c22720
_d22720